BIBLIOTECA

SENCICO

Negociación colectiva y código de conducta : (Registro nro. 225)

Detalles MARC
000 -LEADER
fixed length control field 01311nam a2200277Ia 4500
003 - CONTROL NUMBER IDENTIFIER
control field PE SENCICO BE
005 - DATE AND TIME OF LATEST TRANSACTION
control field 20251020182430.0
008 - FIXED-LENGTH DATA ELEMENTS--GENERAL INFORMATION
fixed length control field 200515s9999 xx 000 0 und d
020 ## - INTERNATIONAL STANDARD BOOK NUMBER
International Standard Book Number 92-2-312270-8
040 ## - CATALOGING SOURCE
Original cataloging agency PE SENCICO BE
Transcribing agency PE SENCICO BE
041 ## - LANGUAGE CODE
Language code of text/sound track or separate title spa
082 ## - DEWEY DECIMAL CLASSIFICATION NUMBER
Classification number 331.89
Item number M26
100 1# - MAIN ENTRY--PERSONAL NAME
Personal name Marcos-Sánchez, José
9 (RLIN) 2528
Relator term autor
245 10 - TITLE STATEMENT
Title Negociación colectiva y código de conducta :
Remainder of title diagnóstico y propuestas para los sindicatos de Nestlé en América Latina /
Statement of responsibility, etc. José Marcos-Sánchez
260 ## - PUBLICATION, DISTRIBUTION, ETC.
Place of publication, distribution, etc. Lima :
Name of publisher, distributor, etc. AECI ;
Date of publication, distribution, etc. 2000
300 ## - PHYSICAL DESCRIPTION
Extent 312 p. :
Other physical details tbl., graf. ;
Dimensions 24 cm.
505 0# - FORMATTED CONTENTS NOTE
Formatted contents note Caracterización de Nestlé -- Marco jurídico de las relaciones laborales y la negociación colectiva en compañias transnacionales -- Negociación colectiva en Nestlé: problemática y propuestas -- Códigos de conducta. Propuestas para los sindicatos de Nestlé en América Latina -- Programa de trabajo para el grupo sindical de Nestlé en el ámbito de la compañía transnacional
650 10 - SUBJECT ADDED ENTRY--TOPICAL TERM
Topical term or geographic name entry element Negociación colectiva
9 (RLIN) 2529
650 20 - SUBJECT ADDED ENTRY--TOPICAL TERM
Topical term or geographic name entry element Sindicatos
9 (RLIN) 2524
650 20 - SUBJECT ADDED ENTRY--TOPICAL TERM
Topical term or geographic name entry element Empresas internacionales
9 (RLIN) 2443
650 20 - SUBJECT ADDED ENTRY--TOPICAL TERM
Topical term or geographic name entry element Ética en los negocios
9 (RLIN) 1339
650 20 - SUBJECT ADDED ENTRY--TOPICAL TERM
Topical term or geographic name entry element PUB OIT
9 (RLIN) 2507
651 10 - SUBJECT ADDED ENTRY--GEOGRAPHIC NAME
9 (RLIN) 1349
Geographic name América Latina
710 1# - ADDED ENTRY--CORPORATE NAME
9 (RLIN) 2255
Corporate name or jurisdiction name as entry element Oficina Internacional del Trabajo
942 ## - ADDED ENTRY ELEMENTS (KOHA)
Koha item type Libros
Source of classification or shelving scheme Dewey Decimal Classification
Existencias
Fecha de la última vez que lo usaron Número de ingreso o de inventario Pago total Signatura topográfica completa Código de barras Precio efectivo desde Tipo de documento Estado perdido Sistema de clasificación Estado dañado No es para préstamo Retirado Ubicación permanente Ubicación actual Fecha de adquisición
15/05/2020 11912   331.89/M26 BibLima24080020 15/05/2020 Libros   Dewey Decimal Classification       Biblioteca Central Lima Biblioteca Central Lima 15/05/2020
15/05/2020 12008   331.89/M26/ej. 2 BibLima24080021 15/05/2020 Libros   Dewey Decimal Classification       Biblioteca Central Lima Biblioteca Central Lima 15/05/2020